| 000 | 00507 a2200193 4500 | ||
|---|---|---|---|
| 005 | 20260127102650.0 | ||
| 008 | 260122b |||||||| |||| 00| 0 eng d | ||
| 020 |
_a9780443113277 _c$ 66.99 |
||
| 040 | _aMAIN | ||
| 082 |
_a611.7 _bS11A(8) |
||
| 100 | _aSoames, Roger | ||
| 245 | _aAnatomy and human movement: Structure and function | ||
| 250 | _a8th | ||
| 260 |
_b Elsevier _c2025 _aAmsterdam |
||
| 300 | _axiii, 758 | ||
| 650 | _aHuman Anatomy | ||
| 650 | _aMusculoskeletal System | ||
| 942 | _cBK | ||
| 999 |
_c393756 _d393756 |
||